000 00945nas a2200301 4500
001 BR0403396
003 BR-BrBNA
005 20231205104646.0
007 ta
008 230509b bl.|||p| |||| 00| 00por d
040 _aBR-BrBNA
_bpor
_cBiblioteca Nacional de Agricultura
041 _a(Pt)
072 _aP33
100 1 _aMaia, J.L.T.
100 1 _aRibeiro, M.R.
245 1 _aPropriedades de um Argissolo Amarelo fragipânico de Alagoas sob cultivo contínuo da cana-de-açúcar
650 _aCANA DE AÇÚCAR
650 _aSOLO ARGILOSO
650 _aCULTIVO CONTÍNUO
650 _aPROPRIEDADE FÍSICO-QUÍMICA
650 _aPOROSIDADE
650 _aCONDUTIVIDADE HIDRÁULICA
650 _aCOMPACTAÇÃO DO SOLO
650 _aALAGOAS
773 0 _tPesquisa Agropecuária Brasileira (Brazil)
_xISSN 0100-204X
_g(Jan 2004), v. 39(1) p. 79-87
_wBR0403396
909 _a202311
_bLúcia
_c55
_dLúcia Elande
942 _2AGRIS
_n0
_cANA
999 _c179153
_d179153